Anales

Saved in:
Bibliographic Details
Main Author: Tácito, Cornelio (Author)
Format: Book
Language:Spanish
Published: Ciudad de México Porrúa 1975
Series:Sepan Cuantos, 291
Subjects:
Tags: Add Tag
No Tags, Be the first to tag this record!

MARC

LEADER 00000nam a2200000 a 4500
001 UCY2467
003 CL-VaPUC
008 941027e19750000MX |||||||||||||||||spa|d
082 0 4 |a 937.07  |b TAC  |2 21 
100 0 |a Tácito, Cornelio  |e author  |9 330498 
245 1 0 |a Anales 
300 |a 219 p 
942 |c BK 
945 |d 19941027 00:00:00  |a mfernand 
260 |a Ciudad de México  |b Porrúa  |c 1975 
650 7 |a HISTORIA 30 AC-68 DC  |2 CL-VaPUC  |9 330499 
651 0 |a Roma   |9 255106 
583 |a last modification  |c 20120821 09:27:52  |k Rodrigo Vera 
490 0 |a Sepan Cuantos, 291 
999 |c 230869  |d 230867 
952 |0 0  |1 0  |4 0  |6 937_070000000000000_TAC_1975  |7 0  |8 P  |9 233484  |a BIBARQ  |b BIBARQ  |d 2019-11-15  |i 3027678  |o 937.07 TAC 1975  |p 3027678  |r 2025-01-20  |w 2019-11-15  |y BK  |k ARQ 
952 |0 0  |1 0  |4 0  |6 937_070000000000000_TAC_1975  |7 0  |8 A  |9 233485  |a BIBEDU  |b BIBEDU  |d 2019-11-15  |i 1461915  |o 937.07 TAC 1975  |p 1461915  |r 2019-11-15  |w 2019-11-15  |y BK  |k LIT 
952 |0 0  |1 0  |4 0  |6 937_070000000000000_TAC_1975  |7 0  |8 A  |9 233486  |a BIBHIS  |b BIBHIS  |d 2019-11-15  |i 1363956  |o 937.07 TAC 1975  |p 1363956  |r 2025-01-20  |w 2019-11-15  |y BK  |k HIS